| 000 | 01443cam a22002413a 4500 | ||
|---|---|---|---|
| 001 | 4339 | ||
| 003 | PGUSA | ||
| 005 | 20140828083052.0 | ||
| 008 | 030801s2003||||xxu|||||s|||||000 | eng d | ||
| 040 |
_aPGUSA _beng |
||
| 042 | _adc | ||
| 050 | 4 | _aRA | |
| 100 | 1 |
_aCall, Annie Payson, _d1853-1940 |
|
| 245 | 1 | 0 |
_aNerves and Common Sense _h[electronic resource] / _cAnnie Payson Call |
| 260 |
_bProject Gutenberg, _c2003 |
||
| 505 | 0 | _aHabit and nervous strain -- How women can keep from being nervous -- "You have no idea how I am rushed" -- "Why does Mrs. Smith get on my nerves?" -- The trying member of the family -- Irritable husbands -- Quiet vs. chronic excitement -- The tired emphasis -- How to be ill and get well -- Is physical culture good for girls? -- Working restfully -- Imaginary vacations -- The woman at the next desk -- Telephones and telephoning -- Don't talk -- "Why fuss so much about what I eat?" -- Take care of your stomach -- About faces -- About voices -- About frights -- Contrariness -- How to sew easily -- Do not hurry -- The care of an invalid -- The habit of illness -- What is it that makes me so nervous? -- Positive and negative effort -- Human dust -- Plain every-day common sense -- A summing up. | |
| 506 | _aPublic domain in the USA. | ||
| 516 | _aElectronic text | ||
| 653 | _aMental health | ||
| 830 | 0 |
_aProject Gutenberg _v4339 |
|
| 856 | 4 | 0 | _uhttp://www.gutenberg.org/ebooks/4339 |
| 942 | _cEB | ||
| 999 |
_c233668 _d233668 |
||